| 000 | 00349nam a22001097a 4500 | ||
|---|---|---|---|
| 999 |
_c529377 _d529377 |
||
| 020 |
_a0135141834 _qHard Cover |
||
| 245 |
_aKEEPING CLIENTS SATISFIED _bMAKE YOUR SEVICE BISNESS MORE SUCCESSFUL AND PROFITABLE / _cRobert W. Bly |
||
| 260 | _aNew Jersey. | ||
| 300 |
_a271 p. _c20cm. |
||
| 942 |
_2ddc _cBK |
||